000 00930nam a22001937a 4500
003 BR-ViAPE
005 20260422111055.0
008 260422s1893 por gs||||s000 0 por d
040 _cBR-ViAPE
110 _aEspírito Santo
_bEstado
245 _aMensagem do Presidente do Estado do Espírito Santo lida ao Congresso no mesmo Estado na sua sessão de instalação a 16 de setembro de 1893
260 _aVitória
_bTypographia do Estado do Espirito-Santo
_c1893
300 _a25 p.
_bDocumento digitalizado (PDF)
500 _aDocumento digitalizado do acervo institucional do Arquivo Público do Estado do Espírito Santo - APEES.
650 _aAdministração pública
_zEspírito Santo
651 _aEspírito Santo
_xAdministração pública
856 _uhttps://ape.es.gov.br/Media/ape/PDF/Mensagens/JOS%C3%89%20DE%20MELLO%20CARVALHO%20MONIZ%20FREIRE%20(2).pdf
_yCLIQUE AQUI PARA ACESSAR O DOCUMENTO
942 _2ddc
_cMSGREL
_n1
999 _c529
_d529